Kies maar Quiz Stats

 Plays Quiz not verified by Sporcle

Challenge
Share
Tweet
Embed
Score 0/21 Timer 10:00
0 Plays Today
Hint Answer % Correct
Wie houdt er meer van Jasper dan zijn eigen moeder?Samuel
87.5%
2 ratten vechten, wie wint?Thomas
87.5%
BP
87.5%
Er zijn 10 flessen V. We hebben GEEN zin om uit te gaan. Hoe veel flessen zijn er de ochtend erna nog over?Geen
87.5%
Kopduel tussen Ibra en CR7, wie wint?Carroll
75%
Gevecht tussen Ibra en Hulk, wie wint?Lukaku
75%
Beste socceroo ooit?Cahill
75%
2 memorabele Groep T falersKevin Quanten
75%
Ekkerikke
75%
Wie haalt het Solar Team nooit?Karel
75%
Wie is het Swek-icoon bij uitstek?Januzaj
75%
Hint Answer % Correct
Groep F op WK 2014Nigeria
75%
Iran
75%
Favoriete pleksjes om uit te gaan in Leuven?HDR
75%
Archief
75%
Wat kan Piet niet?lassen
75%
Bijnaam Marnikkuub
75%
Bijnaam Caskoekendoos
75%
Bijnaam Thomasrattenkop
75%
Argentinië
62.5%
Bosnië Herzegovina
62.5%

You're not logged in!

Compare scores with friends on all Sporcle quizzes.
Join for Free
OR
Log In

You Might Also Like...

Show Comments

Extras

Created Jun 24, 2014ReportFavoriteNominate
Tags:alle, een

Top Quizzes Today


Score Distribution

Your Account Isn't Verified!

In order to create a playlist on Sporcle, you need to verify the email address you used during registration. Go to your Sporcle Settings to finish the process.

Report this User

Report this user for behavior that violates our Community Guidelines.

Details: